000 01963cam a22004814i 4500
003 PE-LiUPU
005 20250731173117.0
008 190923s2009 flu r 000 0 spa d
020 _a9875675148
020 _a9789875675148
035 _a(Sirsi) a252568
040 _aPE-LiUPU
_bspa
_cPE-LiUPU
_erda
041 1 _aspa
_heng
049 _aPRUA
082 0 4 _a226.5
_M92
_220
100 1 _aMueller, Ekkehardt,
_eautor.
245 1 4 _aLas cartas de Juan /
_cEkkehardt Mueller.
264 1 _aFlorida :
_Asociación Casa Editora Sudamenricana,
_c2009.
300 _a168 páginas ;
_c20 centímetros
336 _atext
_2rdacontent
337 _aunmediated
_2rdamedia
338 _avolume
_2rdacarrier
505 0 _aJesús y las epístolas de Juan -- Experimentar la palabra de vida (1 Juan 1:1-4) -- Apartarse del pecado (1 Juan 1:5-2:2) -- Guardar sus mandamientos (1 Juan 2:3-11) -- Renunciar a la mundanalidad (1 Juan 2:12-17) -- Rechazar a los anticristos (1 Juan 2:18-29;4:1-6) -- Vivir como hijos de Dios (1 Juan 3:1-10) -- Amar a hermanos y hermanas (1 Juan 3:11-24;4:7-5:4) -- Creer en el hijo de Dios (1 Juan 5:1-12) -- Confianza (1 Juan 5:13-21) -- Temas importantes en 1 Juan -- La carta de Juan a la señora elegida (2 Juan 1-13) -- La carta de Juan a Gayo (3 Juan 1-15).
526 _aSEG42
526 _aSEG41
526 _aSEG40
526 _aSEG39
526 _aP94
526 _aP87
526 _aP86
526 _aP85
526 _aP77
526 _aP76
526 _aP35
534 _p Título Original :
_tThe letter of Jhon.
650 0 4 _aJuan
_xEvangelio.
910 _abgr
_bjpc
_cjpc
_d20190923
942 _2ddc
_cBOOK
994 _aC0
_bPEPRU
596 _a1
999 _a226.5 M92
_wDEWEY
_c31796
_i80696
_f2021-11-9
_g2
_lCCODEBUL1
_mBUL
_p14.00
_r0
_sY
_tBOOK
_u2019-9-23
_xTEOLOGIA
_PP35
_0COMPRA
_o.STAFF. Colección Teología
_d31796
980 _81
_gALBERTO SANCHEZ Responsable de Automatización